000 00677nam a2200205 i 4500
001 97171
003 ES-MaACL
005 20250725232352.0
007 t|
008 050707s1945 sp a |||| | spa d
245 0 3 _aEl mar en la poesía española /
_cselección y carta de navegar por José Manuel Blecua ; dibujos de Eduardo Vicente.
260 _aMadrid :
_bHispánica,
_c1945.
300 _a368 p. :
_bil. ;
_c21 cm.
650 7 _aPoesías españolas
_2embne
_916214
650 4 _aMares y océanos-
_xEn la literatura.
_9141267
700 1 _aBlecua, José Manuel.
_929459
700 1 _aVicente, Eduardo.
_9114331
852 _aES-MaACL
_jC-5136
999 _c97171
_d97171